| 000 | 00000nas 2200000za 4500 |
| 001 | 9.862433 |
| 003 | CaOODSP |
| 005 | 20221107161021 |
| 007 | cr ||||||||||| |
| 008 | 180926d19871987onc u m o f0 b0fre|d |
| 040 | |aCaOODSP|bfre |
| 041 | |afre|beng |
| 043 | |an-cn--- |
| 086 | 1 |aEn36-508F-PDF |
| 130 | 0 |aSérie des rapports généraux (Canada. Direction générale des eaux intérieures et des terres) |
| 245 | 00|aSérie des rapports généraux - Direction générale des eaux intérieures et des terres |h[ressource électronique]. |
| 260 | |aBurlington, Ont. : |bDirection générale des eaux intérieures et des terres, |c1987. |
| 362 | 1 |ano. 75. |
| 500 | |aPubl. aussi en anglais sous le titre : Report series - Inland Waters and Lands Directorate. |
| 546 | |aRésumés en français et anglais. |
| 692 | 07|2gccst|aHydrologie |
| 710 | 1 |aCanada. |bEnvironnement Canada. |
| 710 | 1 |aCanada. |bDirection générale des eaux intérieures et des terres. |
| 775 | 08|tReport series - Inland Waters and Lands Directorate |w(CaOODSP)9.862431 |
| 780 | 00|tSérie des rapports généraux - Direction générale des eaux intérieures |w(CaOODSP)9.862424 |
| 785 | 00|tSérie des rapports généraux - Direction générale des eaux intérieures : 1988 |w(CaOODSP)9.862436 |